Hodiny učím sa... : s rozprávkou Červená čiapočka

Podrobná bibliografia
Médium: Kniha
Jazyk:slovenčina
francúzština
Fyzický popis:4 kartónové listy farebné ilustrácie 25 cm
Vydavateľské údaje: Bratislava Matys 2017
ISBN:9788080885090
Vydanie:Vydanie prvé
Edícia:Učím sa...
Predmet:

MARC

LEADER 00000cam a2200000 4500
001 vtls011708505
003 SK-MaSNL
005 20260301182140.0
008 180105s2017 xo a ar 000 0 slo
015 |a SNBA2018/04 
020 |a 9788080885090  |q (viazané) 
040 |a SNK  |b slo  |c SNK  |e rda 
041 0 |a slo  |h fre 
044 |a xo  |c SK 
072 7 |a 373.2/.3  |x Predškolská a primárna výchova a vzdelávanie  |2 konspekt 
080 |a (0.05)  |2 2011 
080 |a (0.025.2)  |2 2011 
080 |a 006.92  |2 2011 
245 0 0 |a Hodiny  |b učím sa... : s rozprávkou Červená čiapočka 
250 |a Vydanie prvé 
264 1 |a Bratislava  |b Matys  |c 2017 
300 |a 4 kartónové listy  |b farebné ilustrácie  |c 25 cm 
336 |a text  |b txt  |2 rdacontent 
336 |a statický obraz  |b sti  |2 rdacontent 
337 |a bez média  |b n  |2 rdamedia 
338 |a zväzok  |b nc  |2 rdacarrier 
490 1 |a Učím sa... 
500 |a Kartónové listy s výrezom v strede knihy s pohyblivými ručičkami hodín 
500 |a Názov z obalu knihy 
500 |a Jazyk originálu pravdepodobne francúzština 
650 0 7 |a určovanie času  |2 SNKPH  |9 66856 
650 0 7 |a Time determination  |2 SNKPHeng  |9 346103 
655 7 |a publikácie pre deti  |2 SNKPH  |9 70148 
655 7 |a leporelá  |2 SNKPH  |9 60414 
655 7 |a Children's literature  |2 SNKPHeng  |9 276039 
655 7 |a Picture books for children  |2 SNKPHeng  |9 277438 
830 0 |a Učím sa...  |9 555616 
919 |a 978-80-8088-509-0 
958 |a UP 
958 |a DB 
999 |c 852608  |d 854538 
952 |a SNK  |b SNK  |y PREZ  |7 0  |p 17A1308161  |o snkOSC 28295  |i snk2018/2188  |8 0  |0 0  |1 0  |4 0  |d 2018-01-25  |l 0  |r 2026-02-24 04:46:29  |w 2026-02-24 
952 |a SNK  |b SNK  |y PREZ  |7 0  |p 17A1308162  |o snkOSC 28295 D1  |i snk2018/2189  |8 0  |0 0  |1 0  |4 0  |d 2018-01-25  |l 0  |r 2026-02-24 04:46:29  |w 2026-02-24